000 00787nam a2200193 a 4500
001 BRCA_211
005 20190320202923.0
008 950120r19941867mx-a---###---#001-0#spa-#
040 _aDLC
_cDLC
050 4 _aF1226
_b.B53 1994
100 1 _aPruneda, Pedro
_d1830-1869
_9733
245 1 0 _aHistoria de la guerra de Méjico, desde 1861 a 1867
_cPedro Pruneda ; prólogo de Ernesto de la Torre Villar ; presentación Alejandro de Antuñano Maurer.
260 _aMéxico
_bBiblioteca Mexicana de la Fundación Miguel Alemán
_c1994
300 _axxxvii, xi, 462, 24 p.
_bil., mapas
_c23 cm.
500 _aFacsímil de: Madrid : Elizalde, 1867
500 _aIncluye índice onomástico
651 4 _aMéxico
_xHistoria
_yGuerra de reforma e intervención francesa, 1858-1867
_9295
942 _2lcc
_cB
999 _c172
_d172